000 02787nam a22003497a 4500
001 42835
003 gtgccic
005 20260316102055.0
007 ta
008 260316b gt ||||| |||| 00| 0 spa d
040 _agtgccic
_bspa
_cgtgccic
_erda
084 _0TPI-18-0138
100 1 0 _aVíctor Manuel Aceituno Melgar
_eautor
_dIngeniero Químico
245 1 0 _aImportancia de la aplicación de modelos de regresión lineal en proyecciones de la cobertura boscosa
_by de captura de CO2, para la venta de certificados de carbono en Guatemala, período 2017-2030 /
_cAceituno Melgar, Víctor Manuel
264 1 _aGuatemala :
_bUSAC, Facultad de Ingeniería ;
_c2018.-
300 _a86 p. :
_bil. ;
_c28 cm
336 _2rdacontenido
_aTexto
_btxt
337 _2rdamedio
_asin mediación
_bn
338 _2rdasoporte
_avolumen
_bnc
502 _aTesis Postgrado
_bMAESTRO EN ARTES EN ESTADÍSITICA APLICADA
_cUSAC, Facultad de Ingeniería, Escuela de Postgrado
_d2018
_oTPI-18-0138
504 _aBibliografía pag. 65
505 _t1. MARCO REFERENCIAL
505 _t2. MARCO TEÓRICO (Bosques y deforestación)
505 _t3. PRESENTACIÓN DE RESULTADOS
505 _t4. DISCUSIÓN DE RESULTADOS
520 _aSe estimó el potencial de la venta por certificados de carbono de Guatemala, a través de la fijación de CO2 obtenida por bosques conservados bajo el modelo de operaicón REDD+. Para lograrlo, se calcularon modelos de regresión, a través del método de mínimos cuadrados, con base en los inventarios de la cobertura forestal de Guatemala y por clase de bosque, obtenidos, a partir de los informes de la dinámica forestal del país durante el perído 1991-2012. Se estima que en 2030, el área cubierta por bosques en Guatemala disminuirá a 2.67x106 hectáreas, de las cuales el 58.6% serán cubiertas con bosques latifoliados el 25.4 % con bosques de coníferas y el 16 % con bosques mixtos. Asimismo, se calculó un modelo lineal generalizado con esquema AR(1) del área reforestada acumulada en el país de acuerdo a los registros oficiales del PINFOR durante el período 1998-2016. Este modelo permitió resolver el problema de la autocorrelación serial y la heterocedasticidad de los residuos de un modelo regresión lineal. Se estima que de mantenierse esa tendencia, para 2030 se habrán reforestado 239,154 hectáreas (7,119 hectáreas/año) con costo promedio de Q.14,362/hectárea, determinándose que la tasa actual es insuficiente para compensar la pérdida de cobertura boscosa al año 2030, para lograrlo se debe reforestar a una tasa mínima de 43,806 hectáreas/año.
650 _aANÁLISIS DE REGRESIÓN
650 _aCAPTURA DE CARBONO
700 _aMtro. Víctor Manuel Aceituno Quezada
_easesor
942 _2ddc
_cTPS
945 _aamlo
999 _c2725
_d2725